000
00320nam a2200121Ia 4500
008
240112s1963-64 xx 000 0 und d
041
_a
eng
082
_a
616.05
100
_a
BEESON P.S.
245
_a
THE YEAR BOOK OF MEDICINE: YEAR BOOK SERIES
260
_b
THE YEAR BOOK PUB CHICAGO
_c
1963-64
300
_a
807,HB
999
_c
1140932
_d
1140932